[Event "Kolkata"]
[Site "Kolkata"]
[Date "1986.??.??"]
[Round "?"]
[White "Agzamov, Georgy"]
[Black "Anand, Viswanathan"]
[Result "1-0"]
[WhiteElo "2545"]
[BlackElo "2405"]
[PlyCount "79"]
[EventDate "1986.02.??"]
[EventType "tourn"]
[EventRounds "13"]
[EventCountry "IND"]
[EventCategory "8"]
[SourceTitle "TD"]
[Source "ChessBase"]
[SourceDate "1994.03.01"]
[SourceVersion "1"]
[SourceVersionDate "1994.03.01"]
[SourceQuality "1"]

1. d4 Nf6 2. c4 g6 3. Nc3 Bg7 4. e4 d6 5. Be2 0-0 6. Bg5 c5 7. d5 e6 8. Qd2 exd5 9. exd5 Qb6 10. Nf3 Re8 11. 0-0 Bf5 12. Rae1 Bg4 13. h3 Bxf3 14. Bxf3 Nbd7 15. Rxe8+ Rxe8 16. Qc2 a6 17. Bd2 Re7 18. b3 Ne8 19. g4 Qd8 20. a4 Bd4 21. Kg2 Ng7 22. Bd1 Re8 23. Ne4 Qe7 24. Re1 Qf8 25. Ng3 Rxe1 26. Bxe1 Qe7 27. Bd2 Ne8 28. a5 Qf6 29. Ne4 Qe5 30. f4 Qe7 31. Qd3 Nef6 32. Ng3 Bb2 33. g5 Ne8 34. h4 Ba3 35. Bg4 Ng7 36. Qe4 Qd8 37. Qe1 f5 38. gxf6 Nxf6 39. Be6+ Kf8 40. f5 1-0

[Event "URS-ch sf"]
[Site "Sevastopol"]
[Date "1986.??.??"]
[Round "?"]
[White "Agzamov, Georgy"]
[Black "Goldin, Alexander"]
[Result "1/2-1/2"]
[WhiteElo "2545"]
[BlackElo "2390"]
[PlyCount "56"]
[EventDate "1986.08.??"]
[EventType "swiss"]
[EventRounds "11"]
[EventCountry "URS"]
[SourceTitle "EXT 1998"]
[Source "ChessBase"]
[SourceDate "1997.11.17"]
[SourceVersion "1"]
[SourceVersionDate "1997.11.17"]
[SourceQuality "1"]

1. d4 d5 2. c4 e6 3. Nc3 Nf6 4. Nf3 Be7 5. Bg5 h6 6. Bxf6 Bxf6 7. e3 0-0 8. Rc1 c6 9. Bd3 Nd7 10. cxd5 exd5 11. b4 a6 12. a4 Be7 13. Qb3 Bd6 14. 0-0 Nf6 15. b5 axb5 16. axb5 Ra3 17. Qc2 Bd7 18. bxc6 bxc6 19. Nb1 Ra5 20. Nbd2 c5 21. dxc5 Rxc5 22. Qb1 Rxc1 23. Rxc1 Qe7 24. h3 Rb8 25. Qa2 g6 26. Nd4 Kg7 27. Qa1 Qe8 28. Qa6 Bb4 1/2-1/2

[Event "Kolkata"]
[Site "Kolkata"]
[Date "1986.??.??"]
[Round "?"]
[White "Agzamov, Georgy"]
[Black "Inkiov, Ventzislav"]
[Result "1-0"]
[WhiteElo "2545"]
[BlackElo "2465"]
[PlyCount "57"]
[EventDate "1986.02.??"]
[EventType "tourn"]
[EventRounds "13"]
[EventCountry "IND"]
[EventCategory "8"]
[SourceTitle "TD"]
[Source "ChessBase"]
[SourceDate "1994.03.01"]
[SourceVersion "1"]
[SourceVersionDate "1994.03.01"]
[SourceQuality "1"]

1. d4 Nf6 2. c4 e6 3. Nf3 a6 4. Nc3 c5 5. d5 b5 6. Bg5 b4 7. Ne4 d6 8. a3 bxa3 9. Rxa3 Be7 10. Bxf6 gxf6 11. dxe6 fxe6 12. Rd3 Qa5+ 13. Nfd2 Qb6 14. g4 Nd7 15. Bg2 Rb8 16. f4 Qc7 17. 0-0 Rg8 18. g5 fxg5 19. fxg5 Bb7 20. e3 Rg6 21. Qh5 Nf8 22. Qf3 Rg7 23. Nf6+ Bxf6 24. Qxf6 Rf7 25. Qxf7+ Qxf7 26. Rxf7 Kxf7 27. Rb3 Bxg2 28. Rxb8 Nd7 29. Rc8 1-0

[Event "URS"]
[Site "Soviet Union"]
[Date "1986.??.??"]
[Round "?"]
[White "Ruderfer, Mark B"]
[Black "Agzamov, Georgy"]
[Result "1-0"]
[WhiteElo "2400"]
[BlackElo "2545"]
[PlyCount "89"]
[EventDate "1986.??.??"]
[EventType "game"]
[EventRounds "9"]
[EventCountry "URS"]
[SourceTitle "EXT 2008"]
[Source "ChessBase"]
[SourceDate "2007.11.25"]
[SourceVersion "1"]
[SourceVersionDate "2007.11.25"]
[SourceQuality "1"]

1. e4 e5 2. Nf3 Nc6 3. Bb5 f5 4. Nc3 fxe4 5. Nxe4 d5 6. Nxe5 dxe4 7. Nxc6 Qg5 8. Qe2 Nf6 9. Nxa7+ Bd7 10. Bxd7+ Nxd7 11. f4 Qxf4 12. Nb5 0-0-0 13. d4 Qf6 14. Be3 c6 15. Nc3 Bb4 16. Qc4 Bxc3+ 17. Qxc3 Nb6 18. Qb3 Nd5 19. 0-0-0 Rhe8 20. c4 Nf4 21. Rhf1 Nd3+ 22. Kb1 Qe6 23. Qa4 h6 24. Rxd3 exd3 25. Qa8+ Kc7 26. Bf4+ Rd6 27. Bxd6+ Kxd6 28. Qa3+ c5 29. dxc5+ Kc6 30. Qxd3 Qe4 31. Qxe4+ Rxe4 32. Rf2 Kxc5 33. b3 Kd4 34. Kc2 Ke3 35. Rf7 g5 36. Rxb7 Kf2 37. Rd7 Kxg2 38. Rd2+ Kf3 39. Kc3 g4 40. c5 h5 41. b4 h4 42. b5 g3 43. hxg3 hxg3 44. Rd3+ Kg4 45. Rxg3+ 1-0

[Event "Frunze International"]
[Site "Frunze"]
[Date "1985.11.07"]
[Round "7"]
[White "Sturua, Zurab"]
[Black "Agzamov, Georgy"]
[Result "0-1"]
[WhiteElo "2420"]
[BlackElo "2590"]
[PlyCount "51"]
[EventDate "1985.11.01"]
[EventType "tourn"]
[EventRounds "15"]
[EventCountry "URS"]
[EventCategory "9"]
[SourceTitle "MCD"]
[Source "ChessBase"]
[SourceDate "1999.07.01"]
[SourceVersion "1"]
[SourceVersionDate "1999.07.01"]
[SourceQuality "1"]

1. d4 Nf6 2. c4 e6 3. Nf3 b6 4. e3 Bb7 5. Bd3 d5 6. 0-0 Nbd7 7. Nc3 Bb4 8. Bd2 Bxc3 9. Bxc3 0-0 10. Rc1 c5 11. Qe2 Ne4 12. cxd5 Nxc3 13. Rxc3 Bxd5 14. dxc5 Nxc5 15. Bb1 Qf6 16. Nd4 a5 17. Rcc1 Rad8 18. Rfd1 Bb7 19. a3 a4 20. Qg4 Rd5 21. f4 Rfd8 22. Rf1 g6 23. Rc3 Kh8 24. h3 R5d7 25. Kh2 e5 26. fxe5 0-1

[Event "Frunze International"]
[Site "Frunze"]
[Date "1985.11.04"]
[Round "4"]
[White "Agzamov, Georgy"]
[Black "Yurtaev, Leonid"]
[Result "1/2-1/2"]
[WhiteElo "2590"]
[BlackElo "2435"]
[PlyCount "82"]
[EventDate "1985.11.01"]
[EventType "tourn"]
[EventRounds "15"]
[EventCountry "URS"]
[EventCategory "9"]
[SourceTitle "MCD"]
[Source "ChessBase"]
[SourceDate "1999.07.01"]
[SourceVersion "1"]
[SourceVersionDate "1999.07.01"]
[SourceQuality "1"]

1. d4 Nf6 2. c4 g6 3. Nc3 Bg7 4. e4 d6 5. Be2 0-0 6. Bg5 h6 7. Be3 c5 8. e5 dxe5 9. dxe5 Qxd1+ 10. Rxd1 Ng4 11. Bxc5 Nxe5 12. Bxe7 Re8 13. Nd5 Na6 14. b3 Bf5 15. Kf1 Nc6 16. Bf6 Ncb4 17. Bxg7 Kxg7 18. Nf3 Nxa2 19. Nd4 Be4 20. Ra1 N2b4 21. Nxb4 Nxb4 22. f3 Rad8 23. fxe4 Rxd4 24. Bf3 Rd2 25. Rxa7 Rb2 26. Ra1 Nc2 27. Rc1 Ne3+ 28. Kg1 Rd8 29. h4 Rdd2 30. Rh2 Rxb3 31. Rh3 Rbb2 32. Rg3 b6 33. Re1 Nc2 34. Rf1 Nd4 35. Kh1 Nc6 36. e5 Nxe5 37. Bd5 Rd4 38. Re3 f6 39. Rxe5 fxe5 40. Rf7+ Kh8 41. Rf8+ Kg7 1/2-1/2

[Event "Frunze International"]
[Site "Frunze"]
[Date "1985.11.02"]
[Round "2"]
[White "Agzamov, Georgy"]
[Black "Watson, William N"]
[Result "0-1"]
[WhiteElo "2590"]
[BlackElo "2460"]
[PlyCount "114"]
[EventDate "1985.11.01"]
[EventType "tourn"]
[EventRounds "15"]
[EventCountry "URS"]
[EventCategory "9"]
[SourceTitle "MCD"]
[Source "ChessBase"]
[SourceDate "1999.07.01"]
[SourceVersion "1"]
[SourceVersionDate "1999.07.01"]
[SourceQuality "1"]

1. d4 Nf6 2. Nf3 g6 3. Bg5 Bg7 4. Nbd2 0-0 5. e4 d5 6. exd5 Nxd5 7. Nc4 Nd7 8. Qd2 c5 9. 0-0-0 b5 10. Ne3 N5f6 11. dxc5 Qc7 12. Nd5 Nxd5 13. Qxd5 Nxc5 14. Be3 Na4 15. Nd4 Bf5 16. Bxb5 Nxb2 17. Rd2 a6 18. Be2 e6 19. Qb3 Rfb8 20. Kxb2 Rxb3+ 21. cxb3 Rc8 22. Bc4 Qb6 23. Rc1 Rd8 24. Rcd1 Be4 25. f3 Bd5 26. Be2 a5 27. Kb1 a4 28. Nf5 Qb7 29. Nxg7 axb3 30. Bd4 Be4+ 31. fxe4 Qxe4+ 32. Ka1 Rxd4 33. Rxd4 Qxe2 34. axb3 Kxg7 35. R1d2 Qe5 36. g3 h5 37. Ka2 g5 38. b4 f5 39. Kb3 f4 40. gxf4 gxf4 41. Kc4 f3 42. b5 Qe1 43. b6 f2 44. Rxf2 Qxf2 45. Rd7+ Kg6 46. Kb5 Qxh2 47. b7 Qb8 48. Kc6 h4 49. Rc7 Qe8+ 50. Rd7 h3 51. Kc7 h2 52. Rd1 Qf7+ 53. Kc8 Qf8+ 54. Kc7 Qc5+ 55. Kb8 Qc6 56. Ka7 Qa4+ 57. Kb6 Qxd1 0-1

[Event "Potsdam DSV"]
[Site "Potsdam"]
[Date "1985.04.15"]
[Round "12"]
[White "Gruenberg, Hans Ulrich"]
[Black "Agzamov, Georgy"]
[Result "1-0"]
[WhiteElo "2455"]
[BlackElo "2590"]
[PlyCount "91"]
[EventDate "1985.04.03"]
[EventType "tourn"]
[EventRounds "13"]
[EventCountry "DDR"]
[EventCategory "9"]
[SourceTitle "MCL"]
[Source "ChessBase"]
[SourceDate "1999.07.01"]
[SourceVersion "1"]
[SourceVersionDate "1999.07.01"]
[SourceQuality "1"]

1. d4 Nf6 2. c4 c5 3. d5 e6 4. Nc3 exd5 5. cxd5 d6 6. Nf3 g6 7. Bf4 Bg7 8. Qa4+ Bd7 9. Qb3 Qc7 10. e4 0-0 11. Nd2 Nh5 12. Be3 f5 13. exf5 gxf5 14. Be2 Be8 15. Nf3 h6 16. Nb5 Bxb5 17. Qxb5 a6 18. Qd3 Qe7 19. 0-0 Nd7 20. Rae1 b5 21. b3 Rac8 22. a4 Rb8 23. axb5 axb5 24. Bd1 Qf7 25. Bc2 Nb6 26. Nh4 Qxd5 27. Qxb5 f4 28. Rd1 Qg5 29. Nf3 Qg4 30. Bc1 d5 31. h3 Qe6 32. Rfe1 Qd6 33. Qd3 Nf6 34. Qg6 Rb7 35. Nh4 Kh8 36. Nf5 Qc7 37. Nxh6 d4 38. Re6 Nbd5 39. Rde1 Bxh6 40. Qxh6+ Kg8 41. R1e5 Qd8 42. Rg5+ Kf7 43. Ree5 Rg8 44. Bg6+ Rxg6 45. Qxg6+ Kf8 46. Qh6+ 1-0

[Event "Potsdam DSV"]
[Site "Potsdam"]
[Date "1985.04.08"]
[Round "6"]
[White "Agzamov, Georgy"]
[Black "Vogt, Lothar"]
[Result "1/2-1/2"]
[WhiteElo "2590"]
[BlackElo "2460"]
[PlyCount "36"]
[EventDate "1985.04.03"]
[EventType "tourn"]
[EventRounds "13"]
[EventCountry "DDR"]
[EventCategory "9"]
[SourceTitle "MCL"]
[Source "ChessBase"]
[SourceDate "1999.07.01"]
[SourceVersion "1"]
[SourceVersionDate "1999.07.01"]
[SourceQuality "1"]

1. d4 Nf6 2. Nf3 g6 3. Bg5 Bg7 4. Nbd2 d5 5. e3 0-0 6. c3 b6 7. Bd3 Bb7 8. Qb1 Nbd7 9. 0-0 c5 10. b4 Qc8 11. h3 Re8 12. Rc1 e5 13. dxe5 Nxe5 14. Nxe5 Rxe5 15. Bf4 Re8 16. a4 a5 17. bxa5 bxa5 18. Ra2 Bc6 1/2-1/2

[Event "Potsdam DSV"]
[Site "Potsdam"]
[Date "1985.04.04"]
[Round "2"]
[White "Agzamov, Georgy"]
[Black "Tischbierek, Raj"]
[Result "1/2-1/2"]
[WhiteElo "2590"]
[BlackElo "2460"]
[PlyCount "82"]
[EventDate "1985.04.03"]
[EventType "tourn"]
[EventRounds "13"]
[EventCountry "DDR"]
[EventCategory "9"]
[SourceTitle "MCL"]
[Source "ChessBase"]
[SourceDate "1999.07.01"]
[SourceVersion "1"]
[SourceVersionDate "1999.07.01"]
[SourceQuality "1"]

1. Nf3 Nf6 2. c4 e6 3. g3 d5 4. d4 dxc4 5. Bg2 Bd7 6. Ne5 Bc6 7. f3 Bb4+ 8. Nc3 Nd5 9. Qd2 Nb6 10. e4 f6 11. Ng4 0-0 12. 0-0 Be8 13. Qd1 c5 14. a3 Bxc3 15. bxc3 Ba4 16. Qd2 cxd4 17. cxd4 Nc6 18. Bb2 Bb3 19. Rac1 Na4 20. Ba1 c3 21. Bxc3 Nxc3 22. Rxc3 Qxd4+ 23. Qxd4 Nxd4 24. Kf2 a5 25. Rfc1 a4 26. Bf1 b5 27. Ne3 Ra7 28. Rc5 Rb7 29. f4 h6 30. h4 Rd8 31. e5 fxe5 32. Rxe5 b4 33. axb4 Rxb4 34. Ra5 Rb7 35. Bg2 Rbd7 36. Be4 Kf7 37. Ng4 Kg8 38. Ne5 Re7 39. Ng6 Red7 40. Ne5 Re7 41. Ng6 Red7 1/2-1/2

[Event "URS-ch52 Final + Zonal"]
[Site "Riga"]
[Date "1985.02.14"]
[Round "16"]
[White "Agzamov, Georgy"]
[Black "Balashov, Yuri S"]
[Result "1/2-1/2"]
[WhiteElo "2590"]
[BlackElo "2495"]
[PlyCount "113"]
[EventDate "1985.01.23"]
[EventType "tourn"]
[EventRounds "19"]
[EventCountry "URS"]
[EventCategory "11"]
[SourceTitle "URS-ch"]
[Source "ChessBase"]
[SourceDate "1999.07.01"]
[SourceVersion "1"]
[SourceVersionDate "1999.07.01"]
[SourceQuality "1"]

1. d4 d5 2. Nf3 Nf6 3. c4 dxc4 4. e3 g6 5. Bxc4 Bg7 6. Nc3 0-0 7. 0-0 Nc6 8. b3 a6 9. Bb2 Bf5 10. Rc1 Ne4 11. Nxe4 Bxe4 12. Ba3 a5 13. Ng5 Bd5 14. Bxd5 Qxd5 15. Rc5 Qd8 16. Qc2 Nb4 17. Bxb4 axb4 18. Rb5 e5 19. Nf3 exd4 20. exd4 Bxd4 21. Rd1 c5 22. Nxd4 cxd4 23. Rxb4 Qa5 24. Rbxd4 Qxa2 25. Qd3 Qa6 26. g3 Rac8 27. Rd7 Qb6 28. Qf3 Rc7 29. R1d6 Qc5 30. Kg2 Rxd7 31. Rxd7 b6 32. h4 h5 33. Qb7 Kg7 34. Qf3 Kg8 35. Kg1 Qb5 36. Qd5 Qc5 37. Kg2 Kg7 38. Qd4+ Kg8 39. Qd5 Kg7 40. Qd4+ Kg8 41. b4 Qc6+ 42. Kh2 b5 43. Qd5 Qxd5 44. Rxd5 Rc8 45. Rxb5 Rc3 46. Rc5 Rb3 47. Rc4 f6 48. Kg2 Kg7 49. Rc7+ Kh6 50. Rb7 g5 51. hxg5+ fxg5 52. b5 g4 53. Kf1 Rb2 54. Ke1 Kg5 55. b6 Kh6 56. Rb8 Kg7 57. Kf1 1/2-1/2

[Event "URS-ch52 Final + Zonal"]
[Site "Riga"]
[Date "1985.02.12"]
[Round "15"]
[White "Smagin, Sergey"]
[Black "Agzamov, Georgy"]
[Result "0-1"]
[WhiteElo "2405"]
[BlackElo "2590"]
[PlyCount "96"]
[EventDate "1985.01.23"]
[EventType "tourn"]
[EventRounds "19"]
[EventCountry "URS"]
[EventCategory "11"]
[SourceTitle "URS-ch"]
[Source "ChessBase"]
[SourceDate "1999.07.01"]
[SourceVersion "1"]
[SourceVersionDate "1999.07.01"]
[SourceQuality "1"]

1. e4 Nf6 2. e5 Nd5 3. d4 d6 4. Nf3 Bg4 5. Be2 c6 6. Ng5 Bf5 7. Bd3 Bxd3 8. Qxd3 h6 9. Nf3 e6 10. 0-0 dxe5 11. dxe5 Nd7 12. Qe2 Qc7 13. Bd2 a5 14. Re1 Nc5 15. Nc3 Nxc3 16. Bxc3 Be7 17. Bd4 Rd8 18. Qe3 b6 19. Rad1 0-0 20. Rd2 Nd7 21. Red1 c5 22. Bc3 Qc6 23. b3 a4 24. Qf4 axb3 25. axb3 Rfe8 26. Bb2 b5 27. h4 Nb6 28. Rxd8 Rxd8 29. Rxd8+ Bxd8 30. Qd2 Qd5 31. h5 Bc7 32. Qe2 c4 33. b4 Nc8 34. Bd4 Ne7 35. c3 Qa8 36. g4 Nd5 37. Qe4 Qa1+ 38. Kg2 Qc1 39. Ng1 Bd8 40. Ne2 Qd1 41. Ng1 Bg5 42. Nf3 Bc1 43. Be3 Bxe3 44. fxe3 Qe2+ 45. Kg3 Nxc3 46. Qa8+ Kh7 47. Qa7 Ne4+ 48. Kf4 Qg2 0-1

[Event "URS-ch52 Final + Zonal"]
[Site "Riga"]
[Date "1985.02.10"]
[Round "13"]
[White "Gurgenidze, Bukhuti"]
[Black "Agzamov, Georgy"]
[Result "1/2-1/2"]
[WhiteElo "2445"]
[BlackElo "2590"]
[PlyCount "99"]
[EventDate "1985.01.23"]
[EventType "tourn"]
[EventRounds "19"]
[EventCountry "URS"]
[EventCategory "11"]
[SourceTitle "URS-ch"]
[Source "ChessBase"]
[SourceDate "1999.07.01"]
[SourceVersion "1"]
[SourceVersionDate "1999.07.01"]
[SourceQuality "1"]

1. e4 e5 2. Nf3 Nc6 3. Bb5 a6 4. Ba4 Nf6 5. Qe2 Be7 6. Bxc6 dxc6 7. Nc3 Nd7 8. d4 exd4 9. Nxd4 0-0 10. Nf5 Bf6 11. Bd2 Nc5 12. Ng3 b5 13. f4 b4 14. Nd1 a5 15. e5 Bh4 16. Nf2 Qd5 17. Be3 Na4 18. Qh5 Be7 19. 0-0 f5 20. Rab1 c5 21. Rfd1 Qc6 22. Nd3 Be6 23. Ne1 Qe8 24. Qxe8 Rfxe8 25. Rd2 g6 26. Ne2 Nb6 27. b3 Nd5 28. Bf2 Nb6 29. Nd3 c4 30. Nc5 Bd5 31. Nd7 Be4 32. Nxb6 cxb6 33. bxc4 Rec8 34. Ng3 Rxc4 35. Nxe4 Rxe4 36. g3 Rb8 37. Rd7 Bf8 38. Rbd1 Rc4 39. R1d2 a4 40. Ra7 b5 41. Kf1 Rc3 42. e6 Re8 43. Re2 b3 44. cxb3 axb3 45. axb3 Rxb3 46. Rb7 b4 47. Be1 Rb1 48. Kg2 Be7 49. Bc3 Rc1 50. Bxb4 1/2-1/2

[Event "URS-ch52 Final + Zonal"]
[Site "Riga"]
[Date "1985.02.07"]
[Round "12"]
[White "Agzamov, Georgy"]
[Black "Razuvaev, Yuri S"]
[Result "1/2-1/2"]
[WhiteElo "2590"]
[BlackElo "2520"]
[PlyCount "47"]
[EventDate "1985.01.23"]
[EventType "tourn"]
[EventRounds "19"]
[EventCountry "URS"]
[EventCategory "11"]
[SourceTitle "URS-ch"]
[Source "ChessBase"]
[SourceDate "1999.07.01"]
[SourceVersion "1"]
[SourceVersionDate "1999.07.01"]
[SourceQuality "1"]

1. d4 Nf6 2. c4 e6 3. Nf3 b6 4. g3 Ba6 5. b3 Bb4+ 6. Bd2 Be7 7. Nc3 0-0 8. e4 d5 9. cxd5 Bxf1 10. Kxf1 exd5 11. e5 Ne4 12. Qe2 Nxc3 13. Bxc3 c5 14. Kg2 Qd7 15. e6 Qxe6 16. Qxe6 fxe6 17. Rhe1 Bf6 18. Rxe6 Na6 19. a4 Rfe8 20. Rd6 Rad8 21. Rxd8 Rxd8 22. Re1 Nc7 23. Ne5 Re8 24. f4 1/2-1/2

[Event "URS-ch52 Final + Zonal"]
[Site "Riga"]
[Date "1985.01.28"]
[Round "5"]
[White "Agzamov, Georgy"]
[Black "Tukmakov, Vladimir B"]
[Result "0-1"]
[WhiteElo "2590"]
[BlackElo "2570"]
[PlyCount "146"]
[EventDate "1985.01.23"]
[EventType "tourn"]
[EventRounds "19"]
[EventCountry "URS"]
[EventCategory "11"]
[SourceTitle "URS-ch"]
[Source "ChessBase"]
[SourceDate "1999.07.01"]
[SourceVersion "1"]
[SourceVersionDate "1999.07.01"]
[SourceQuality "1"]

1. d4 Nf6 2. c4 e6 3. Nf3 b6 4. Nc3 Bb4 5. Bg5 Bb7 6. e3 h6 7. Bh4 g5 8. Bg3 Ne4 9. Qc2 d6 10. Bd3 Bxc3+ 11. bxc3 f5 12. d5 Nc5 13. Nd4 Qf6 14. f4 gxf4 15. exf4 Nba6 16. 0-0-0 0-0 17. Rhe1 Rae8 18. Bf2 exd5 19. cxd5 Nxd3+ 20. Rxd3 Rxe1+ 21. Bxe1 Bxd5 22. c4 Be4 23. Rg3+ Kh7 24. Qd1 c5 25. Bc3 cxd4 26. Bxd4 Qf7 27. Rg7+ Qxg7 28. Bxg7 Kxg7 29. Qd4+ Kh7 30. g4 Rg8 31. gxf5 Nc5 32. Qf6 Rg2 33. Qf7+ Rg7 34. Qf6 Bd3 35. Kb2 Bxc4 36. Qxd6 Rg2+ 37. Kc1 Bxa2 38. Qc7+ Rg7 39. Qc6 Bc4 40. Kd2 Bd5 41. Qc8 Rf7 42. h4 Ne4+ 43. Kd3 Nf6 44. Kd4 Rd7 45. Qf8 Bf7+ 46. Ke5 Ng4+ 47. Ke4 b5 48. f6 Nxf6+ 49. Ke5 Ne8 50. Qa3 Rd5+ 51. Ke4 Nf6+ 52. Kf3 Rd7 53. Qa6 Bd5+ 54. Kf2 Ne4+ 55. Ke3 Nd6 56. Kd4 Bf7 57. Qc6 Nf5+ 58. Kc3 Rd5 59. Qf6 Kg8 60. Kb4 h5 61. Qg5+ Kf8 62. Qf6 Nd6 63. Qd8+ Kg7 64. Qe7 a6 65. Ka5 Nc4+ 66. Kxa6 b4 67. f5 Rxf5 68. Qe1 b3 69. Qg3+ Kh6 70. Qd3 Ra5+ 71. Kb7 b2 72. Kc7 Rc5+ 73. Kb8 Rb5+ 0-1

[Event "URS-ch52 Final + Zonal"]
[Site "Riga"]
[Date "1985.01.25"]
[Round "3"]
[White "Agzamov, Georgy"]
[Black "Gavrikov, Viktor"]
[Result "1/2-1/2"]
[WhiteElo "2590"]
[BlackElo "2550"]
[PlyCount "28"]
[EventDate "1985.01.23"]
[EventType "tourn"]
[EventRounds "19"]
[EventCountry "URS"]
[EventCategory "11"]
[SourceTitle "URS-ch"]
[Source "ChessBase"]
[SourceDate "1999.07.01"]
[SourceVersion "1"]
[SourceVersionDate "1999.07.01"]
[SourceQuality "1"]

1. d4 Nf6 2. c4 g6 3. Nc3 d5 4. Nf3 Bg7 5. Bg5 Ne4 6. cxd5 Nxg5 7. Nxg5 e6 8. Nf3 exd5 9. e3 a5 10. Be2 0-0 11. 0-0 c6 12. Na4 Bg4 13. Qb3 Ra7 14. Rfc1 Nd7 1/2-1/2

[Event "URS-chT Republics 17th final"]
[Site "Volgograd"]
[Date "1985.01.21"]
[Round "7.1"]
[White "Agzamov, Georgy"]
[Black "Kochyev, Alexander"]
[Result "1/2-1/2"]
[WhiteElo "2590"]
[BlackElo "2465"]
[PlyCount "78"]
[EventDate "1985.01.15"]
[EventType "team-swiss"]
[EventRounds "7"]
[EventCountry "URS"]
[SourceTitle "EXT 2020"]
[Source "ChessBase"]
[SourceDate "2019.10.17"]
[SourceVersion "1"]
[SourceVersionDate "2019.10.17"]
[SourceQuality "1"]
[WhiteTeam "Uzbekistan"]
[BlackTeam "Leningrad"]
[WhiteTeamCountry "UZB"]
[BlackTeamCountry "URS"]

1. d4 Nf6 2. c4 d6 3. Nc3 Nbd7 4. e4 e5 5. Nf3 g6 6. Be2 Bg7 7. 0-0 0-0 8. Qc2 c6 9. Rd1 Qe7 10. b4 exd4 11. Nxd4 Re8 12. f3 Nb6 13. Bg5 a5 14. bxa5 Rxa5 15. Bh4 Rc5 16. Qb3 Nbd7 17. Rab1 Bh6 18. Bf2 Nh5 19. Bf1 Nf4 20. g3 Nh5 21. Qb4 Qf6 22. Na4 Rce5 23. Qc3 Qe7 24. Bg2 Nhf6 25. Re1 Qd8 26. Nb3 Bg7 27. Qd2 d5 28. exd5 cxd5 29. c5 h5 30. Nb6 Rxe1+ 31. Rxe1 Ne5 32. Nxc8 Qxc8 33. Bd4 Nc6 34. Rxe8+ Qxe8 35. Bb2 Qa8 36. Bc3 Qa4 37. h4 d4 38. Bxd4 Nxd4 39. Qxd4 Qxa2 1/2-1/2

[Event "URS-chT Republics 17th final"]
[Site "Volgograd"]
[Date "1985.01.20"]
[Round "6.1"]
[White "Agzamov, Georgy"]
[Black "Sveshnikov, Evgeny"]
[Result "1/2-1/2"]
[WhiteElo "2590"]
[BlackElo "2530"]
[PlyCount "74"]
[EventDate "1985.01.15"]
[EventType "team-swiss"]
[EventRounds "7"]
[EventCountry "URS"]
[SourceTitle "EXT 2008"]
[Source "ChessBase"]
[SourceDate "2007.11.25"]
[SourceVersion "1"]
[SourceVersionDate "2007.11.25"]
[SourceQuality "1"]
[WhiteTeam "Uzbekistan"]
[BlackTeam "Russia"]
[WhiteTeamCountry "UZB"]
[BlackTeamCountry "RUS"]

1. Nf3 d5 2. g3 c6 3. Bg2 Nf6 4. 0-0 Bf5 5. d3 e6 6. c4 Nbd7 7. Be3 dxc4 8. dxc4 Bc5 9. Bxc5 Nxc5 10. Nd4 Be4 11. Nc3 Bxg2 12. Kxg2 a5 13. Nb3 Qxd1 14. Rfxd1 Nfd7 15. Nxc5 Nxc5 16. f4 Ke7 17. Rd2 Rhd8 18. Rad1 Rxd2 19. Rxd2 Rd8 20. Rxd8 Kxd8 21. Kf3 Ke7 22. Ne4 Nxe4 23. Kxe4 Kd6 24. Kd4 c5+ 25. Kd3 a4 26. e4 f6 27. Kc3 e5 28. f5 Kc6 29. g4 Kb6 30. Kc2 Ka5 31. Kc3 Kb6 32. b4 axb3 33. Kxb3 Ka5 34. Ka3 Kb6 35. Ka4 Ka6 36. Kb3 Ka5 37. Ka3 Kb6 1/2-1/2

[Event "URS-chT Republics 17th final"]
[Site "Volgograd"]
[Date "1985.01.18"]
[Round "4"]
[White "Agzamov, Georgy"]
[Black "Novikov, Igor A"]
[Result "1-0"]
[WhiteElo "2590"]
[BlackElo "2460"]
[PlyCount "81"]
[EventDate "1985.01.15"]
[EventType "team-swiss"]
[EventRounds "7"]
[EventCountry "URS"]
[SourceTitle "EXT 2020"]
[Source "ChessBase"]
[SourceDate "2019.10.17"]
[SourceVersion "1"]
[SourceVersionDate "2019.10.17"]
[SourceQuality "1"]
[WhiteTeam "Uzbekistan"]
[BlackTeam "Ukraine"]
[WhiteTeamCountry "UZB"]
[BlackTeamCountry "UKR"]

1. d4 Nf6 2. c4 e6 3. g3 d5 4. Bg2 dxc4 5. Qa4+ Nbd7 6. Nf3 a6 7. Nc3 c5 8. Qxc4 b5 9. Qd3 Bb7 10. 0-0 Qb6 11. Be3 cxd4 12. Bxd4 Bc5 13. a4 Bxd4 14. Qxd4 b4 15. Nd1 0-0 16. Ne3 Rac8 17. Rfd1 Rfd8 18. Qxb6 Nxb6 19. Rxd8+ Rxd8 20. a5 Nbd5 21. Nc4 Kf8 22. Nfe5 Ke7 23. Rc1 Ne8 24. Nb6 b3 25. Nd3 Nxb6 26. Bxb7 Nd5 27. Nc5 Ndc7 28. Nxb3 Rb8 29. Nc5 Nd6 30. Nxa6 Nxa6 31. Bxa6 Rxb2 32. Bd3 Ra2 33. Rc7+ Kf6 34. a6 e5 35. f3 h5 36. h4 Ke6 37. Kf2 g6 38. a7 Ra3 39. Bc2 e4 40. Bb3+ Ke5 41. f4+ 1-0

[Event "URS-chT Republics 17th final"]
[Site "Volgograd"]
[Date "1985.01.16"]
[Round "2"]
[White "Kupreichik, Viktor D"]
[Black "Agzamov, Georgy"]
[Result "1-0"]
[WhiteElo "2470"]
[BlackElo "2590"]
[PlyCount "95"]
[EventDate "1985.01.15"]
[EventType "team-swiss"]
[EventRounds "7"]
[EventCountry "URS"]
[SourceTitle "EXT 2020"]
[Source "ChessBase"]
[SourceDate "2019.10.17"]
[SourceVersion "1"]
[SourceVersionDate "2019.10.17"]
[SourceQuality "1"]
[WhiteTeam "Belarus"]
[BlackTeam "Uzbekistan"]
[WhiteTeamCountry "BLR"]
[BlackTeamCountry "UZB"]

1. e4 e5 2. Nf3 Nc6 3. Bb5 a6 4. Ba4 Nf6 5. 0-0 Nxe4 6. d4 b5 7. Bb3 d5 8. dxe5 Be6 9. Re1 Be7 10. c3 Nc5 11. Bc2 Bg4 12. Nbd2 Bh5 13. Nb3 Ne6 14. Bf5 0-0 15. Qd3 Bg6 16. Be3 Bxf5 17. Qxf5 Qd7 18. Ng5 g6 19. Qh3 h5 20. Rad1 Rad8 21. Qg3 Nxg5 22. Bxg5 Bxg5 23. Qxg5 Rfe8 24. f4 a5 25. Rf1 Qe7 26. Qg3 Kh7 27. Qd3 a4 28. Nd4 Nxd4 29. cxd4 c5 30. f5 cxd4 31. fxg6+ fxg6 32. Rf6 Rg8 33. Qxd4 Rgf8 34. Rdf1 Rxf6 35. Rxf6 Rc8 36. e6 Rf8 37. Rxf8 Qxf8 38. Qxd5 Qf4 39. Qd7+ Kh6 40. e7 Qc1+ 41. Kf2 Qxb2+ 42. Kf3 Qc3+ 43. Ke4 Qe1+ 44. Kd5 Qd2+ 45. Kc6 Qxg2+ 46. Kb6 Qf2+ 47. Ka5 Qe1+ 48. Ka6 1-0